000 00930nam a2200217Ia 4500
999 _c38159
_d38159
001 4149
003 GE_BSU
005 20190923124502.0
008 181216s1975||||ge |||||||||||||| ||geo||
040 _cGE_BSU
041 _ageo
080 _a39(479.22) მ–36
245 _aმასალები საქართველოს ეთნოგრაფიისათვის :
_cრედ. გ. ჩიტაია.
_b ტ. 18 /
264 _a თბილისი :
_bმეცნიერება,
_c1975.
300 _a214 გვ.;
_b21 სმ.
541 _h3 ლ.
653 _aსაქართველოს ეთნოგრაფია
700 _aჩიტაია, გ.
_94233
710 _aსაქ. სსრ მეცნ. აკად., ივ. ჯავახიშვილის სახ. ისტ., არქეოლ. და ეთნოგრ. ინ-ტი.
_94105
942 _cBK
_2udc